000 00456nam a2200181Ia 4500
008 090122s9999 xx 000 0 und d
082 _b12022
100 _aKOTHARI
_bAJAY
245 _a"101, GREAT LIVES 1"
260 _bPUSTAK
_c1997
300 _a112
501 _a"भेट, मधुसूदन बर्वे"
600 _aKOTHARI
630 _a"101, GREAT LIVES 1"
700 _aKOTHARI
730 _a"101, GREAT LIVES 1"
942 _cBOOK
999 _c36099
_d36099